Cyclisme : Classment UCI par équipe 2023 - Statistiques

Statistiques générales
  • Ce quiz a été pris 87 fois
  • Le résultat moyen est 13 sur 50
Statistiques - réponses
Classement Type d'équipe Pays Equipe % Correct
2 WT Pays-Bas Jumbo-Visma
95%
7 WT France Groupama - FDJ
82%
1 WT UAE UAE Team Emirates
77%
3 WT Belgique Soudal - Quick Step
76%
4 WT Royaume-Uni INEOS Grenadier
73%
14 WT France Cofidis
58%
5 WT Etats-Unis Lidl - Trek
58%
6 WT Barhein Bahrain - Victorious
47%
10 WT Allemagne BORA - hansgrohe
42%
18 WT France AG2R Citroën Team
36%
16 PRT Israël Israel -Premier Tech
36%
20 WT Kazakhstan Astana Qazaqstan Team
35%
12 WT Espagne Movistar Team
35%
8 WT Belgique Alpecin-Deceuninck
32%
25 PRT Suisse Tudor Pro Cycling Team
32%
21 PRT Norvège Uno-X Pro Cycling Team
32%
37 CT Belique Alpecin-Deceuninck Development Team
30%
50 CT Chine China Glory Continental Cycling Team
30%
15 WT Belgique Intermarché - Circus - Wanty
30%
36 CT Pays-Bas Jumbo-Visma Development Team
30%
23 PRT Suisse Q36.5 Pro Cycling Team
30%
48 CT Belgique Soudal - Quick-Step Devo Team
30%
13 WT Australie Team Jayco Alula
30%
29 CT Malaisie Terengganu Polygon Cycling Team
30%
19 WT France Team Arkéa Samsic
28%
22 PRT France TotalEnergies
28%
11 WT Etats-Unis EF Education-EasyPost
27%
9 PRT Belgique Lotto Dstny
26%
17 WT Pays-Bas Team dsm-firmenich
19%
27 PRT Italie EOLO-Kometa
14%
34 PRT Espagne Euskaltel - Euskadi
14%
32 PRT Espagne Burgos-BH
11%
42 PRT Belgique Team Flanders - Baloise
8%
31 PRT Espagne Equipo Kern Pharma
5%
24 PRT Italie Green Project-Bardiani CSF-Faizanè
4%
38 PRT Belgique Bingoal WB
3%
26 PRT Australie Bolton Equities Black Spoke
3%
30 PRT Etats-Unis Human Powered Health
3%
45 CT Danemark Leopard TOGT Pro Cycling
1%
35 PRT Italie Team Corratec - Selle Italia
1%
33 CT Colombie Team Medellín - EPM
1%
43 CT Australie ARA | Skip Capital
0%
40 CT République Tchèque ATT Investments
0%
28 PRT Espagne Caja Rural- Seguros RGA
0%
46 CT Belgique Circus - ReUz - Technord
0%
49 CT Pologne HRE Mazowsze Serce Polski
0%
41 CT Japon JCL Team UKYO
0%
44 CT Panama Panamá es Cultura y Valores
0%
47 CT Danemark Restaurant Suri - Carl Ras
0%
39 CT Thaïlande Roojai Online Insurance
0%
Aucun quiz correspondant
Distribution des résultats
% des personnes avec chaque résultat
Percentile par nombre de réponses
Votre historique - résultats
Vous n’avez pas pris ce quiz